000 00356 a2200157 4500
001 151064
040 _cEscola São Tomás de Aquino
100 _aSCLIAR, Moacyr
240 1 0 _aO sertão vai virar mar
_lpor
245 1 0 _aO sertão vai virar mar
300 _a107
362 0 _a2008
440 1 _aÁtica
697 _a*LITERATURA JUVENIL
942 _cBK
999 _c151064
_d151064